Entry Personal Name
Number of records used in: 2
001 - CONTROL NUMBER
003 - CONTROL NUMBER IDENTIFIER
005 - DATE AND TIME OF LATEST TRANSACTION
- control field:
20211022104537.0
008 - FIXED-LENGTH DATA ELEMENTS
- fixed length control field:
211022|| aca||aabn | a|a d
040 ## - CATALOGING SOURCE
- Original cataloging agency:
OSt
100 ## - HEADING--PERSONAL NAME
- Personal name:
Malayamma, Moyin
- Titles and other words associated with a name:
Dr.